000 00713nam a2200229Ii 4500
003 JO-AjNU
008 230605s9999||||xx |||||||||||||| ||und||
017 _a1993/4545
020 _a977-5344-98-0
040 _aJO-AjNU
_bara
_erda
_cJO-AjNU
041 _aara
050 1 4 _aPN1631.A4712 1993
100 3 _aخشبة، دريني,
_eauthor
_938697
245 0 0 _aفن كتابة المسرحية: دراسة
250 _aط1
264 3 1 _aالكويت: دار سعاد الصباح، 1993
300 _a554ص
336 _atext
_btxt
_2rdacontent
337 _aunmediated
_bn
_2rdamedia
338 _avolume
_bnc
_2rdacarrier
650 4 _aالأدب العربي - مسرح - كتابة - دراسة
_938698
999 _aA16280
_c19848
_d19848